| 000 | 00827cab a2200193 4500 | ||
|---|---|---|---|
| 001 | ##L135009 | ||
| 008 | 060918n2006 000 0 eng u | ||
| 035 | _a(Sirsi) u135009 | ||
| 041 | 0 | _aeng | |
| 100 | 1 | _aAtkinson, Daniel | |
| 245 | 0 | 2 | _aA difficult balancing act |
| 260 | _c2006 | ||
| 490 | 0 |
_aConstruction News _v(6984) 14 September 2006, 40(1) |
|
| 520 | _aExamines the issue of set-off, in which a cross-claim is used as a way of responding to a claim. Stresses the importance of distinguishing between transaction set-off and independent set-off, since independent set-off is not a defence to a claim. Discusses case law in relation to set-off. | ||
| 590 | _aIKA190906 | ||
| 651 | 4 |
_aEngland and Wales _y1543- |
|
| 690 | _aBUILT ENVIRONMENT-CONSTRUCTION MANAGEMENT-BUILDING CONTRACT ADMINISTRATION | ||
| 942 | _n0 | ||
| 999 |
_c77748 _d77748 |
||